000 00254nam a2200109Ia 4500
008 200302s9999 xx 000 0 und d
100 _aStefan Zwicky
245 _aExhibition Architecture
260 _bBirkhauser Verlag Ag
260 _c2003
300 _a176
999 _c4675
_d4675